[Event "ODJM C 2024"]
[Site "Willingen GER"]
[Date "2024.05.24"]
[Round "8"]
[White "Lang, Samuel"]
[Black "Weibrecht, Theo"]
[Result "0-1"]
[Termination "normal"]
[Board "6"]
[WhiteElo "1268"]
[BlackElo "1596"]
[WhiteClock "01:22:45"]
[BlackClock "01:02:21"]
[PlyCount "34"]
[WhiteFideId "34660526"]
[BlackFideId "34660240"]
[EventCountry "GER"]
[EventRounds "9"]
[EventType "swiss"]
[EventDate "2024.05.18"]

1. d4 {[%clk 01:30:58]} {[%emt 00:00:01]} Nf6 {[%clk 01:30:54]} {[%emt
00:00:07]} 2. c4 {[%clk 01:31:24]} {[%emt 00:00:04]} g6 {[%clk 01:30:52]}
{[%emt 00:00:31]} 3. Nc3 {[%clk 01:31:47]} {[%emt 00:00:07]} Bg7 {[%clk
01:29:06]} {[%emt 00:02:17]} 4. e4 {[%clk 01:31:18]} {[%emt 00:00:59]} d6
{[%clk 01:29:22]} {[%emt 00:00:13]} 5. Nf3 {[%clk 01:31:19]} {[%emt 00:00:29]}
Nbd7 {[%clk 01:28:57]} {[%emt 00:00:56]} 6. Bg5 {[%clk 01:30:58]} {[%emt
00:00:51]} O-O {[%clk 01:28:20]} {[%emt 00:01:07]} 7. Be2 {[%clk 01:31:12]}
{[%emt 00:00:15]} c5 {[%clk 01:27:07]} {[%emt 00:01:44]} 8. d5 {[%clk
01:29:52]} {[%emt 00:01:50]} Re8 {[%clk 01:20:26]} {[%emt 00:07:11]} 9. O-O
{[%clk 01:30:03]} {[%emt 00:00:17]} a6 {[%clk 01:20:33]} {[%emt 00:00:25]} 10.
a3 {[%clk 01:30:03]} {[%emt 00:00:30]} b6 {[%clk 01:20:17]} {[%emt 00:00:46]}
11. b4 {[%clk 01:30:11]} {[%emt 00:00:21]} Qc7 {[%clk 01:11:00]} {[%emt
00:09:46]} 12. bxc5 {[%clk 01:27:50]} {[%emt 00:02:52]} Nxc5 {[%clk 01:11:01]}
{[%emt 00:00:29]} 13. Qc2 {[%clk 01:27:19]} {[%emt 00:01:02]} e6 {[%clk
01:09:01]} {[%emt 00:02:29]} 14. Be3 {[%clk 01:24:46]} {[%emt 00:03:03]} exd5
{[%clk 01:07:08]} {[%emt 00:02:23]} 15. exd5 {[%clk 01:24:10]} {[%emt
00:01:07]} Bf5 {[%clk 01:02:54]} {[%emt 00:04:42]} 16. Qb2 {[%clk 01:22:41]}
{[%emt 00:02:00]} Nfe4 {[%clk 01:02:17]} {[%emt 00:01:07]} 17. Nxe4 {[%clk
01:22:45]} {[%emt 00:00:27]} Bxb2 {[%clk 01:02:21]} {[%emt 00:00:26]} 0-1

[Event "ODJM C 2024"]
[Site "Willingen GER"]
[Date "2024.05.24"]
[Round "8"]
[White "Fischer, John"]
[Black "Trenkelbach, Silas"]
[Result "1-0"]
[Termination "normal"]
[Board "7"]
[WhiteElo "1614"]
[BlackElo "1265"]
[WhiteClock "00:28:27"]
[BlackClock "00:26:32"]
[PlyCount "111"]
[WhiteFideId "16268679"]
[BlackFideId "34621237"]
[EventCountry "GER"]
[EventRounds "9"]
[EventType "swiss"]
[EventDate "2024.05.18"]

1. d4 {[%clk 01:30:57]} {[%emt 00:00:02]} d5 {[%clk 01:30:50]} {[%emt
00:00:11]} 2. Nc3 {[%clk 01:31:22]} {[%emt 00:00:05]} e6 {[%clk 01:31:06]}
{[%emt 00:00:14]} 3. Bf4 {[%clk 01:31:40]} {[%emt 00:00:11]} Nf6 {[%clk
01:31:23]} {[%emt 00:00:14]} 4. e3 {[%clk 01:31:43]} {[%emt 00:00:27]} Bb4
{[%clk 01:31:41]} {[%emt 00:00:11]} 5. Nge2 {[%clk 01:30:19]} {[%emt 00:01:55]}
O-O {[%clk 01:31:54]} {[%emt 00:00:16]} 6. a3 {[%clk 01:30:47]} {[%emt
00:00:03]} Be7 {[%clk 01:30:16]} {[%emt 00:02:08]} 7. Ng3 {[%clk 01:30:53]}
{[%emt 00:00:23]} c5 {[%clk 01:27:34]} {[%emt 00:03:12]} 8. Nb5 {[%clk
01:28:11]} {[%emt 00:03:13]} a6 {[%clk 01:27:15]} {[%emt 00:00:49]} 9. Nc7
{[%clk 01:27:19]} {[%emt 00:01:21]} Ra7 {[%clk 01:26:48]} {[%emt 00:00:58]} 10.
Nxd5 {[%clk 01:27:29]} {[%emt 00:00:20]} Nxd5 {[%clk 01:25:29]} {[%emt
00:01:48]} 11. Bxb8 {[%clk 01:26:49]} {[%emt 00:01:10]} Ra8 {[%clk 01:25:34]}
{[%emt 00:00:25]} 12. Bf4 {[%clk 01:26:05]} {[%emt 00:01:14]} Nxf4 {[%clk
01:25:18]} {[%emt 00:00:47]} 13. exf4 {[%clk 01:26:29]} {[%emt 00:00:06]} cxd4
{[%clk 01:25:30]} {[%emt 00:00:18]} 14. Bd3 {[%clk 01:26:21]} {[%emt 00:00:38]}
Bd6 {[%clk 01:16:50]} {[%emt 00:09:09]} 15. Qh5 {[%clk 01:20:07]} {[%emt
00:06:44]} g6 {[%clk 01:15:23]} {[%emt 00:01:57]} 16. Qg5 {[%clk 01:12:54]}
{[%emt 00:07:41]} Be7 {[%clk 01:12:10]} {[%emt 00:03:45]} 17. Qg4 {[%clk
01:10:54]} {[%emt 00:02:29]} Qc7 {[%clk 01:10:33]} {[%emt 00:02:07]} 18. h4
{[%clk 01:07:34]} {[%emt 00:03:51]} e5 {[%clk 01:09:30]} {[%emt 00:01:33]} 19.
f5 {[%clk 01:07:32]} {[%emt 00:00:33]} Kh8 {[%clk 01:00:27]} {[%emt 00:09:33]}
20. O-O {[%clk 01:04:43]} {[%emt 00:03:19]} Rg8 {[%clk 00:55:52]} {[%emt
00:05:04]} 21. Qf3 {[%clk 01:04:41]} {[%emt 00:00:32]} Bxh4 {[%clk 00:54:12]}
{[%emt 00:02:09]} 22. fxg6 {[%clk 01:03:49]} {[%emt 00:01:22]} fxg6 {[%clk
00:53:33]} {[%emt 00:01:10]} 23. Ne4 {[%clk 01:02:02]} {[%emt 00:02:17]} Bd7
{[%clk 00:48:48]} {[%emt 00:05:14]} 24. Qf7 {[%clk 00:58:32]} {[%emt 00:04:00]}
Rgf8 {[%clk 00:45:48]} {[%emt 00:03:31]} 25. Qd5 {[%clk 00:56:38]} {[%emt
00:02:23]} Bc6 {[%clk 00:43:29]} {[%emt 00:02:49]} 26. Qc5 {[%emt 00:08:34]}
Rac8 {[%clk 00:38:37]} {[%emt 00:05:19]} 27. Nd6 {[%clk 00:44:29]} {[%emt
00:04:39]} Be7 {[%clk 00:37:46]} {[%emt 00:01:21]} 28. Qxe5+ {[%clk 00:44:10]}
{[%emt 00:00:48]} Bf6 {[%clk 00:30:58]} {[%emt 00:07:17]} 29. Qh2 {[%clk
00:39:43]} {[%emt 00:04:58]} Kg8 {[%clk 00:29:16]} {[%emt 00:02:08]} 30. Nxc8
{[%clk 00:39:16]} {[%emt 00:01:02]} Be5 {[%clk 00:25:05]} {[%emt 00:04:41]} 31.
Qh3 {[%clk 00:35:56]} {[%emt 00:03:48]} Bd7 {[%clk 00:24:47]} {[%emt 00:00:48]}
32. Ne7+ {[%clk 00:35:56]} {[%emt 00:00:32]} Kg7 {[%clk 00:23:50]} {[%emt
00:01:27]} 33. Qh4 {[%clk 00:32:15]} {[%emt 00:04:08]} Rf4 {[%clk 00:21:17]}
{[%emt 00:03:05]} 34. Qh1 {[%clk 00:27:13]} {[%emt 00:05:31]} Qd6 {[%clk
00:17:16]} {[%emt 00:04:33]} 35. Nxg6 {[%clk 00:26:18]} {[%emt 00:01:24]} hxg6
{[%clk 00:17:01]} {[%emt 00:00:46]} 36. Rae1 {[%clk 00:19:25]} {[%emt
00:07:22]} Rg4 {[%clk 00:13:58]} {[%emt 00:03:33]} 37. Re4 {[%clk 00:18:19]}
{[%emt 00:01:37]} Bf4 {[%clk 00:12:40]} {[%emt 00:01:49]} 38. Rfe1 {[%clk
00:17:04]} {[%emt 00:01:45]} Bg5 {[%clk 00:08:42]} {[%emt 00:04:27]} 39. Rxg4
{[%clk 00:15:36]} {[%emt 00:01:58]} Bxg4 {[%clk 00:08:55]} {[%emt 00:00:16]}
40. g3 {[%clk 00:15:36]} {[%emt 00:00:31]} Qb6 {[%clk 00:07:22]} {[%emt
00:02:03]} 41. b4 {[%clk 00:11:51]} {[%emt 00:04:15]} Qc7 {[%clk 00:05:06]}
{[%emt 00:02:42]} 42. Qe4 {[%clk 00:11:19]} {[%emt 00:01:05]} Bf5 {[%clk
00:03:49]} {[%emt 00:01:48]} 43. Qxd4+ {[%clk 00:11:23]} {[%emt 00:00:26]} Bf6
{[%clk 00:04:03]} {[%emt 00:00:17]} 44. Qe3 {[%clk 00:11:15]} {[%emt 00:00:38]}
Bd7 {[%clk 00:01:37]} {[%emt 00:02:56]} 45. Qe4 {[%clk 00:08:52]} {[%emt
00:02:51]} Bf5 {[%clk 00:01:33]} {[%emt 00:00:35]} 46. Qd5 {[%clk 00:09:05]}
{[%emt 00:00:14]} Bd7 {[%clk 00:01:24]} {[%emt 00:00:41]} 47. Bc4 {[%clk
00:06:28]} {[%emt 00:03:08]} Bc6 {[%clk 00:00:53]} {[%emt 00:01:01]} 48. Qg8+
{[%clk 00:06:29]} {[%emt 00:00:29]} Kh6 {[%clk 00:00:58]} {[%emt 00:00:25]} 49.
Qf8+ {[%clk 00:05:40]} {[%emt 00:01:18]} Bg7 {[%clk 00:30:20]} {[%emt
00:01:09]} 50. Qc5 {[%clk 00:31:17]} {[%emt 00:04:50]} Qd7 {[%clk 00:29:48]}
{[%emt 00:01:05]} 51. Qe3+ {[%clk 00:29:15]} {[%emt 00:02:32]} Kh7 {[%clk
00:29:20]} {[%emt 00:00:58]} 52. Qe6 {[%clk 00:27:58]} {[%emt 00:01:46]} Qd2
{[%clk 00:28:27]} {[%emt 00:01:23]} 53. Qh3+ {[%clk 00:27:35]} {[%emt
00:00:53]} Bh6 {[%clk 00:26:40]} {[%emt 00:02:18]} 54. Re7+ {[%clk 00:27:45]}
{[%emt 00:00:20]} Kh8 {[%clk 00:26:59]} {[%emt 00:00:10]} 55. Qc8+ {[%clk
00:28:08]} {[%emt 00:00:07]} Bf8 {[%clk 00:26:32]} {[%emt 00:00:58]} 56. Qxf8#
{[%clk 00:28:27]} {[%emt 00:00:11]} 1-0

[Event "ODJM C 2024"]
[Site "Willingen GER"]
[Date "2024.05.24"]
[Round "8"]
[White "Hellmann, Alexander"]
[Black "Kulgemeyer, Justus"]
[Result "1/2-1/2"]
[Termination "normal"]
[Board "8"]
[WhiteElo "1524"]
[BlackElo "1243"]
[WhiteClock "00:08:30"]
[BlackClock "00:56:21"]
[PlyCount "89"]
[WhiteFideId "34612050"]
[BlackFideId "34623671"]
[EventCountry "GER"]
[EventRounds "9"]
[EventType "swiss"]
[EventDate "2024.05.18"]

1. d4 {[%clk 01:30:47]} {[%emt 00:00:13]} d5 {[%clk 01:30:57]} {[%emt
00:00:03]} 2. c4 {[%clk 01:31:06]} {[%emt 00:00:11]} Nf6 {[%clk 01:31:19]}
{[%emt 00:00:09]} 3. cxd5 {[%clk 01:31:05]} {[%emt 00:00:30]} Nxd5 {[%clk
01:31:31]} {[%emt 00:00:18]} 4. e4 {[%clk 01:31:19]} {[%emt 00:00:15]} Nf6
{[%clk 01:31:52]} {[%emt 00:00:10]} 5. Nc3 {[%clk 01:30:05]} {[%emt 00:01:43]}
Nc6 {[%clk 01:31:32]} {[%emt 00:00:51]} 6. Nf3 {[%clk 01:28:58]} {[%emt
00:01:37]} Bg4 {[%clk 01:31:37]} {[%emt 00:00:26]} 7. d5 {[%clk 01:19:47]}
{[%emt 00:09:40]} Ne5 {[%clk 01:30:13]} {[%emt 00:01:55]} 8. Be2 {[%clk
01:18:46]} {[%emt 00:01:30]} Nxf3+ {[%clk 01:29:24]} {[%emt 00:01:19]} 9. Bxf3
{[%clk 01:19:06]} {[%emt 00:00:10]} Bxf3 {[%clk 01:29:16]} {[%emt 00:00:38]}
10. Qxf3 {[%clk 01:19:27]} {[%emt 00:00:09]} Qd6 {[%clk 01:26:29]} {[%emt
00:03:17]} 11. Qf4 {[%clk 01:02:39]} {[%emt 00:17:16]} Qxf4 {[%clk 01:19:23]}
{[%emt 00:07:38]} 12. Bxf4 {[%clk 01:02:57]} {[%emt 00:00:12]} O-O-O {[%clk
01:19:29]} {[%emt 00:00:25]} 13. O-O {[%clk 00:51:17]} {[%emt 00:12:09]} a6
{[%clk 01:12:58]} {[%emt 00:07:01]} 14. Rad1 {[%clk 00:43:47]} {[%emt
00:07:56]} g6 {[%clk 01:10:37]} {[%emt 00:02:55]} 15. Be5 {[%clk 00:33:34]}
{[%emt 00:10:43]} Bg7 {[%clk 01:09:38]} {[%emt 00:01:29]} 16. Rfe1 {[%clk
00:28:53]} {[%emt 00:05:11]} h5 {[%clk 01:05:06]} {[%emt 00:05:03]} 17. h4
{[%clk 00:25:47]} {[%emt 00:03:34]} Rhg8 {[%clk 01:03:10]} {[%emt 00:02:26]}
18. Bxf6 {[%clk 00:19:46]} {[%emt 00:06:32]} Bxf6 {[%clk 01:02:14]} {[%emt
00:01:25]} 19. g3 {[%clk 00:19:38]} {[%emt 00:00:38]} g5 {[%clk 01:00:50]}
{[%emt 00:01:55]} 20. e5 {[%clk 00:17:55]} {[%emt 00:02:13]} Bh8 {[%clk
01:01:10]} {[%emt 00:00:10]} 21. Re4 {[%clk 00:16:30]} {[%emt 00:01:54]} gxh4
{[%clk 01:00:05]} {[%emt 00:01:36]} 22. Rxh4 {[%clk 00:16:05]} {[%emt
00:00:55]} Bxe5 {[%clk 01:00:18]} {[%emt 00:00:17]} 23. Rxh5 {[%clk 00:15:44]}
{[%emt 00:00:50]} Bxc3 {[%clk 01:00:20]} {[%emt 00:00:28]} 24. bxc3 {[%clk
00:16:00]} {[%emt 00:00:14]} c6 {[%clk 01:00:08]} {[%emt 00:00:42]} 25. Rd4
{[%clk 00:13:37]} {[%emt 00:02:53]} cxd5 {[%clk 00:59:10]} {[%emt 00:01:29]}
26. Rhxd5 {[%clk 00:12:54]} {[%emt 00:01:12]} Rxd5 {[%clk 00:59:15]} {[%emt
00:00:26]} 27. Rxd5 {[%clk 00:13:19]} {[%emt 00:00:05]} Kc7 {[%clk 00:58:33]}
{[%emt 00:01:12]} 28. Kg2 {[%clk 00:12:30]} {[%emt 00:01:19]} Rc8 {[%clk
00:58:48]} {[%emt 00:00:16]} 29. Rc5+ {[%clk 00:12:41]} {[%emt 00:00:18]} Kd7
{[%clk 00:58:54]} {[%emt 00:00:24]} 30. Rxc8 {[%clk 00:13:04]} {[%emt
00:00:07]} Kxc8 {[%clk 00:59:20]} {[%emt 00:00:04]} 31. Kf3 {[%clk 00:13:25]}
{[%emt 00:00:08]} Kd7 {[%clk 00:59:40]} {[%emt 00:00:11]} 32. Ke4 {[%clk
00:13:24]} {[%emt 00:00:31]} Ke6 {[%clk 01:00:01]} {[%emt 00:00:08]} 33. g4
{[%clk 00:12:55]} {[%emt 00:00:59]} b6 {[%clk 00:59:58]} {[%emt 00:00:34]} 34.
f4 {[%clk 00:12:04]} {[%emt 00:01:21]} f6 {[%clk 00:57:59]} {[%emt 00:02:29]}
35. f5+ {[%clk 00:10:34]} {[%emt 00:02:00]} Kd6 {[%clk 00:58:14]} {[%emt
00:00:15]} 36. Kd4 {[%clk 00:10:51]} {[%emt 00:00:13]} b5 {[%clk 00:58:11]}
{[%emt 00:00:34]} 37. a3 {[%clk 00:10:20]} {[%emt 00:01:00]} a5 {[%clk
00:58:18]} {[%emt 00:00:22]} 38. c4 {[%clk 00:09:42]} {[%emt 00:01:08]} b4
{[%clk 00:57:40]} {[%emt 00:01:08]} 39. c5+ {[%clk 00:09:19]} {[%emt 00:00:54]}
Kc6 {[%clk 00:58:04]} {[%emt 00:00:07]} 40. axb4 {[%clk 00:09:34]} {[%emt
00:00:14]} axb4 {[%clk 00:56:57]} {[%emt 00:01:37]} 41. Kc4 {[%clk 00:09:49]}
{[%emt 00:00:15]} b3 {[%clk 00:57:01]} {[%emt 00:00:26]} 42. Kxb3 {[%clk
00:09:56]} {[%emt 00:00:23]} Kxc5 {[%clk 00:57:25]} {[%emt 00:00:06]} 43. Kc3
{[%clk 00:10:16]} {[%emt 00:00:09]} Kd5 {[%clk 00:56:21]} {[%emt 00:01:34]} 44.
Kd3 {[%clk 00:08:30]} {[%emt 00:02:16]} Ke5 {[%emt 00:01:42]} 45. Ke3 {[%clk
00:08:30]} 1/2-1/2

[Event "ODJM C 2024"]
[Site "Willingen GER"]
[Date "2024.05.24"]
[Round "8"]
[White "Lau, Lars"]
[Black "Christoffers, Julia Anne"]
[Result "1-0"]
[Termination "normal"]
[Board "9"]
[WhiteElo "1554"]
[BlackElo "1531"]
[WhiteClock "01:27:02"]
[BlackClock "01:08:51"]
[PlyCount "35"]
[WhiteFideId "34623663"]
[BlackFideId "16249895"]
[EventCountry "GER"]
[EventRounds "9"]
[EventType "swiss"]
[EventDate "2024.05.18"]

1. d4 {[%clk 01:30:58]} {[%emt 00:00:02]} Nf6 {[%clk 01:30:46]} {[%emt
00:00:15]} 2. c4 {[%clk 01:31:23]} {[%emt 00:00:04]} e6 {[%clk 01:30:59]}
{[%emt 00:00:18]} 3. Nc3 {[%clk 01:31:47]} {[%emt 00:00:05]} d5 {[%clk
01:30:59]} {[%emt 00:00:31]} 4. cxd5 {[%clk 01:32:11]} {[%emt 00:00:06]} exd5
{[%clk 01:31:04]} {[%emt 00:00:24]} 5. Nf3 {[%clk 01:32:25]} {[%emt 00:00:16]}
c6 {[%clk 01:29:58]} {[%emt 00:01:37]} 6. Bf4 {[%clk 01:32:05]} {[%emt
00:00:49]} Be7 {[%clk 01:28:12]} {[%emt 00:02:17]} 7. e3 {[%clk 01:31:48]}
{[%emt 00:00:46]} O-O {[%clk 01:27:18]} {[%emt 00:01:25]} 8. Bd3 {[%clk
01:32:14]} {[%emt 00:00:04]} Bg4 {[%clk 01:26:29]} {[%emt 00:01:18]} 9. Qc2
{[%clk 01:31:10]} {[%emt 00:01:34]} Bxf3 {[%clk 01:22:33]} {[%emt 00:04:26]}
10. gxf3 {[%clk 01:31:32]} {[%emt 00:00:08]} a6 {[%clk 01:17:15]} {[%emt
00:05:49]} 11. Rg1 {[%clk 01:31:56]} {[%emt 00:00:06]} h6 {[%clk 01:15:28]}
{[%emt 00:02:16]} 12. Bxh6 {[%clk 01:31:54]} {[%emt 00:00:32]} Nh5 {[%clk
01:14:11]} {[%emt 00:01:47]} 13. Bh7+ {[%clk 01:32:18]} {[%emt 00:00:06]} Kh8
{[%clk 01:14:36]} {[%emt 00:00:05]} 14. Bg6 {[%clk 01:26:58]} {[%emt 00:05:50]}
fxg6 {[%clk 01:08:25]} {[%emt 00:06:41]} 15. Qxg6 {[%clk 01:26:49]} {[%emt
00:00:39]} Qe8 {[%clk 01:08:51]} {[%emt 00:00:04]} 16. Bxg7+ {[%clk 01:27:00]}
{[%emt 00:00:19]} Kg8 {[%clk 01:08:34]} {[%emt 00:00:47]} 17. Bxf8+ {[%clk
01:27:16]} {[%emt 00:00:14]} Kxf8 {[%clk 01:08:51]} {[%emt 00:00:13]} 18. Qg8#
{[%clk 01:27:02]} {[%emt 00:00:12]} 1-0

[Event "ODJM C 2024"]
[Site "Willingen GER"]
[Date "2024.05.24"]
[Round "8"]
[White "Lange, Lene Marie"]
[Black "Nguyen, Oliver Dung"]
[Result "0-1"]
[Termination "normal"]
[Board "10"]
[WhiteElo "1497"]
[BlackElo "1017"]
[WhiteClock "00:26:05"]
[BlackClock "00:37:55"]
[PlyCount "58"]
[WhiteFideId "34639748"]
[BlackFideId "34664190"]
[EventCountry "GER"]
[EventRounds "9"]
[EventType "swiss"]
[EventDate "2024.05.18"]

1. d4 {[%clk 01:30:57]} {[%emt 00:00:03]} Nf6 {[%clk 01:30:56]} {[%emt
00:00:04]} 2. Bf4 {[%clk 01:31:19]} {[%emt 00:00:08]} d5 {[%clk 01:31:22]}
{[%emt 00:00:05]} 3. e3 {[%clk 01:31:40]} {[%emt 00:00:08]} e6 {[%clk
01:31:46]} {[%emt 00:00:06]} 4. Nf3 {[%clk 01:32:04]} {[%emt 00:00:05]} c5
{[%clk 01:32:13]} {[%emt 00:00:04]} 5. c3 {[%clk 01:32:22]} {[%emt 00:00:13]}
Nc6 {[%clk 01:32:36]} {[%emt 00:00:07]} 6. Nbd2 {[%clk 01:32:08]} {[%emt
00:00:43]} Nh5 {[%clk 01:31:55]} {[%emt 00:01:12]} 7. Bg3 {[%clk 01:31:19]}
{[%emt 00:01:18]} Be7 {[%clk 01:28:57]} {[%emt 00:03:28]} 8. Bd3 {[%clk
01:29:52]} {[%emt 00:01:57]} Nxg3 {[%clk 01:21:59]} {[%emt 00:07:28]} 9. hxg3
{[%clk 01:29:30]} {[%emt 00:00:52]} f5 {[%clk 01:22:23]} {[%emt 00:00:05]} 10.
Qc2 {[%clk 01:26:00]} {[%emt 00:04:00]} c4 {[%clk 01:19:41]} {[%emt 00:03:14]}
11. Be2 {[%clk 01:20:59]} {[%emt 00:05:30]} b5 {[%clk 01:13:06]} {[%emt
00:07:05]} 12. b4 {[%clk 01:15:06]} {[%emt 00:06:22]} a5 {[%clk 01:06:43]}
{[%emt 00:06:51]} 13. bxa5 {[%clk 01:12:11]} {[%emt 00:03:28]} Qxa5 {[%clk
01:07:02]} {[%emt 00:00:11]} 14. Ne5 {[%clk 01:10:22]} {[%emt 00:02:17]} Nxe5
{[%clk 00:59:55]} {[%emt 00:07:39]} 15. dxe5 {[%clk 01:10:35]} {[%emt
00:00:16]} b4 {[%clk 01:00:13]} {[%emt 00:00:12]} 16. Bh5+ {[%clk 01:07:38]}
{[%emt 00:03:28]} g6 {[%clk 00:56:05]} {[%emt 00:04:39]} 17. Bxg6+ {[%clk
01:05:51]} {[%emt 00:02:16]} Kf8 {[%clk 00:56:20]} {[%emt 00:00:15]} 18. cxb4
{[%clk 01:03:50]} {[%emt 00:02:32]} Bxb4 {[%clk 00:56:17]} {[%emt 00:00:32]}
19. Kd1 {[%clk 01:01:56]} {[%emt 00:02:24]} Bd7 {[%clk 00:54:38]} {[%emt
00:02:09]} 20. Ke1 {[%clk 00:46:57]} {[%emt 00:15:29]} Ba4 {[%clk 00:49:33]}
{[%emt 00:05:34]} 21. Qc1 {[%clk 00:45:40]} {[%emt 00:01:47]} Kg7 {[%clk
00:37:58]} {[%emt 00:12:06]} 22. Bh5 {[%clk 00:44:44]} {[%emt 00:01:26]} Rab8
{[%clk 00:37:30]} {[%emt 00:00:58]} 23. a3 {[%clk 00:42:10]} {[%emt 00:03:04]}
Bc3 {[%clk 00:37:34]} {[%emt 00:00:25]} 24. g4 {[%clk 00:35:07]} {[%emt
00:07:34]} Bxa1 {[%clk 00:36:23]} {[%emt 00:01:41]} 25. Qxa1 {[%clk 00:33:04]}
{[%emt 00:02:33]} c3 {[%clk 00:36:36]} {[%emt 00:00:16]} 26. Nf3 {[%clk
00:30:03]} {[%emt 00:03:31]} c2+ {[%clk 00:36:50]} {[%emt 00:00:16]} 27. Kf1
{[%clk 00:27:06]} {[%emt 00:03:28]} Rb1+ {[%clk 00:37:10]} {[%emt 00:00:10]}
28. Qxb1 {[%clk 00:26:40]} {[%emt 00:00:55]} cxb1=Q+ {[%clk 00:37:31]} {[%emt
00:00:09]} 29. Ke2 {[%clk 00:26:05]} {[%emt 00:01:05]} Bb5# {[%clk 00:37:55]}
{[%emt 00:00:07]} 0-1

[Event "ODJM C 2024"]
[Site "Willingen GER"]
[Date "2024.05.24"]
[Round "8"]
[White "von Gehlen, Samuel"]
[Black "Prokscha, Marlene"]
[Result "0-1"]
[Termination "normal"]
[Board "11"]
[WhiteElo "1510"]
[BlackElo "1230"]
[WhiteClock "01:22:35"]
[BlackClock "01:12:56"]
[PlyCount "58"]
[WhiteFideId "34651551"]
[BlackFideId "34631291"]
[EventCountry "GER"]
[EventRounds "9"]
[EventType "swiss"]
[EventDate "2024.05.18"]

1. e4 {[%clk 01:30:59]} e6 {[%clk 01:30:55]} {[%emt 00:00:06]} 2. d3 {[%clk
01:31:11]} {[%emt 00:00:18]} d5 {[%clk 01:31:05]} {[%emt 00:00:20]} 3. Nd2
{[%clk 01:31:03]} {[%emt 00:00:36]} c5 {[%clk 01:30:05]} {[%emt 00:01:32]} 4.
Ngf3 {[%clk 01:31:14]} {[%emt 00:00:18]} Nc6 {[%clk 01:29:42]} {[%emt
00:00:54]} 5. g3 {[%clk 01:31:23]} {[%emt 00:00:20]} Nf6 {[%clk 01:29:08]}
{[%emt 00:01:04]} 6. Bg2 {[%clk 01:29:38]} {[%emt 00:02:15]} c4 {[%clk
01:26:09]} {[%emt 00:03:30]} 7. O-O {[%clk 01:27:43]} {[%emt 00:02:24]} Bc5
{[%clk 01:24:57]} {[%emt 00:01:41]} 8. Re1 {[%clk 01:27:34]} {[%emt 00:00:38]}
O-O {[%clk 01:24:46]} {[%emt 00:00:43]} 9. Nf1 {[%clk 01:27:53]} {[%emt
00:00:09]} Ng4 {[%clk 01:23:21]} {[%emt 00:01:56]} 10. h3 {[%clk 01:27:16]}
{[%emt 00:01:07]} Bxf2+ {[%clk 01:22:55]} {[%emt 00:00:57]} 11. Kh1 {[%clk
01:27:02]} {[%emt 00:00:40]} Bxe1 {[%clk 01:22:41]} {[%emt 00:00:48]} 12. Qxe1
{[%clk 01:27:20]} {[%emt 00:00:11]} Nf6 {[%clk 01:22:02]} {[%emt 00:01:05]} 13.
Bg5 {[%clk 01:27:34]} {[%emt 00:00:17]} h6 {[%clk 01:21:44]} {[%emt 00:00:53]}
14. e5 {[%clk 01:27:35]} {[%emt 00:00:25]} hxg5 {[%clk 01:21:23]} {[%emt
00:00:55]} 15. exf6 {[%clk 01:27:56]} {[%emt 00:00:08]} Qxf6 {[%clk 01:20:55]}
{[%emt 00:00:58]} 16. Qd2 {[%clk 01:27:23]} {[%emt 00:01:02]} Qxb2 {[%clk
01:20:04]} {[%emt 00:01:22]} 17. Re1 {[%clk 01:27:34]} {[%emt 00:00:19]} f6
{[%clk 01:18:40]} {[%emt 00:01:54]} 18. dxc4 {[%clk 01:26:49]} {[%emt
00:01:14]} Qxa2 {[%clk 01:17:20]} {[%emt 00:01:51]} 19. Qd3 {[%clk 01:26:58]}
{[%emt 00:00:21]} Qxc4 {[%clk 01:16:53]} {[%emt 00:00:58]} 20. Qg6 {[%clk
01:27:07]} {[%emt 00:00:20]} Ne7 {[%clk 01:15:28]} {[%emt 00:01:55]} 21. Qh5
{[%clk 01:26:48]} {[%emt 00:00:39]} Qxc2 {[%clk 01:14:43]} {[%emt 00:01:25]}
22. Ne3 {[%clk 01:25:54]} {[%emt 00:01:14]} Qg6 {[%clk 01:13:22]} {[%emt
00:01:57]} 23. Qxg6 {[%clk 01:26:00]} {[%emt 00:00:27]} Nxg6 {[%clk 01:13:41]}
{[%emt 00:00:11]} 24. Nxg5 {[%clk 01:25:51]} {[%emt 00:00:39]} fxg5 {[%clk
01:12:43]} {[%emt 00:01:29]} 25. Nxd5 {[%clk 01:21:14]} {[%emt 00:05:07]} exd5
{[%clk 01:12:46]} {[%emt 00:00:28]} 26. Re8 {[%clk 01:21:36]} {[%emt 00:00:07]}
Rxe8 {[%clk 01:12:54]} {[%emt 00:00:22]} 27. Bxd5+ {[%clk 01:21:58]} {[%emt
00:00:07]} Kh7 {[%clk 01:12:56]} {[%emt 00:00:28]} 28. Be6 {[%clk 01:22:15]}
{[%emt 00:00:14]} Bxe6 {[%clk 01:13:02]} {[%emt 00:00:25]} 29. h4 {[%clk
01:22:35]} {[%emt 00:00:10]} Rad8 {[%clk 01:12:56]} {[%emt 00:00:35]} 0-1